[Event "Bushehr Lian op 7th"]
[Site "Bushehr"]
[Date "2015.11.11"]
[Round "1"]
[White "Dezh, Tiva"]
[Black "Nadimifar, Adnan"]
[Result "0-1"]
[WhiteElo "1566"]
[BlackElo "2178"]
[PlyCount "90"]
[EventDate "2015.11.11"]
[EventType "swiss"]
[EventRounds "9"]
[EventCountry "IRI"]
[SourceTitle "CBM 169 Extra"]
[Source "ChessBase"]
[SourceDate "2015.12.18"]
[SourceVersion "1"]
[SourceVersionDate "2015.12.18"]
[SourceQuality "1"]

1. e4 c5 2. Nc3 Nc6 3. f4 g6 4. Nf3 Bg7 5. a3 d6 6. Bb5 Bd7 7. 0-0 a6 8. Bxc6 Bxc6 9. d3 e6 10. d4 Ne7 11. Qd3 cxd4 12. Nxd4 d5 13. Nxc6 bxc6 14. Rb1 0-0 15. Ne2 dxe4 16. Qxe4 Qd5 17. Qb4 Qb5 18. Qe4 Qd5 19. Qb4 c5 20. Qe1 Rfd8 21. Be3 Nf5 22. Nc3 Qc4 23. Bf2 Rab8 24. Ne4 Nd4 25. Bh4 Ne2+ 26. Kh1 Rd4 27. Nxc5 Nxf4 28. c3 Nd3 29. Qg3 Be5 30. Qf3 Rxh4 31. Nxd3 Rxh2+ 32. Kg1 Qh4 33. g4 Rh3 34. Nxe5 Rg3+ 35. Qg2 f6 36. Nd7 Rxg2+ 37. Kxg2 Qxg4+ 38. Kh1 Qh3+ 39. Kg1 Qg3+ 40. Kh1 Rb5 41. Nxf6+ Kg7 42. Rbd1 Qh3+ 43. Kg1 Rg5+ 44. Kf2 Rg2+ 45. Ke1 Qe3# 0-1